[Event "U20 Polish Youth Championship"]
[Site "Ustron"]
[Date "2019.11.30"]
[Round "9"]
[White "Godzwon, Iwo"]
[Black "Szpar, Milosz"]
[Result "1/2-1/2"]
[Board "9"]
[WhiteElo "2275"]
[WhiteTitle "FM"]
[WhiteCountry "POL"]
[WhiteFideId "21802483"]
[BlackElo "2291"]
[BlackTitle "FM"]
[BlackCountry "POL"]
[BlackFideId "1184989"]

1. c4 {[%clk 1:30:30]} e5 {[%clk 1:29:58]} 2. g3 {[%clk 1:30:30]} c6 {[%clk
1:29:57]} 3. Bg2 {[%clk 1:30:13]} d5 {[%clk 1:29:31]} 4. cxd5 {[%clk 1:30:02]}
cxd5 {[%clk 1:29:31]} 5. d4 {[%clk 1:30:02]} e4 {[%clk 1:27:12]} 6. Nc3 {[%clk
1:30:17]} Nc6 {[%clk 1:26:15]} 7. Nh3 {[%clk 1:24:34]} h6 {[%clk 1:22:34]} 8. O-O
{[%clk 1:21:08]} Nf6 {[%clk 1:22:13]} 9. f3 {[%clk 1:20:11]} exf3 {[%clk
1:18:10]} 10. exf3 {[%clk 1:20:26]} Be7 {[%clk 1:18:25]} 11. Nf4 {[%clk 1:20:30]}
O-O {[%clk 1:17:23]} 12. Be3 {[%clk 1:20:55]} b6 {[%clk 1:14:21]} 13. a3 {[%clk
1:12:39]} Ba6 {[%clk 1:12:32]} 14. Re1 {[%clk 1:12:39]} Na5 15. Bf2 {[%clk
1:12:39]} Re8 16. Nd3 {[%clk 1:12:39]} Nc4 17. Qa4 {[%clk 1:12:39]} Bb7 18. Qc2
{[%clk 1:12:39]} a6 19. Ne5 {[%clk 1:12:39]} Rc8 20. f4 {[%clk 1:12:39]} b5 21.
Nxc4 {[%clk 1:12:39]} Rxc4 22. Qf5 {[%clk 1:12:39]} g6 23. Qd3 {[%clk 1:12:39]}
Bd6 24. Bf3 {[%clk 1:12:39]} Rxe1+ 25. Rxe1 {[%clk 1:12:39]} Qc8 26. Re3 {[%clk
1:12:39]} Ng4 27. Re2 {[%clk 1:12:39]} Nxf2 28. Rxf2 {[%clk 1:12:39]} Bxa3 29.
Nxd5 {[%clk 1:12:39]} Qd8 30. Nf6+ {[%clk 1:12:39]} Qxf6 31. Bxb7 {[%clk
1:12:39]} Bb4 32. Kg2 {[%clk 1:12:39]} Rxd4 33. Qe3 {[%clk 1:12:39]} Rd8 34. Re2
{[%clk 1:12:39]} a5 35. Qe5 {[%clk 1:12:39]} Qb6 36. Bd5 {[%clk 1:12:39]} Qc5 37.
Bf3 {[%clk 1:12:39]} Qxe5 38. Rxe5 {[%clk 1:12:39]} Rd2+ 39. Re2 {[%clk 1:12:39]}
Kg7 40. Rxd2 {[%clk 1:12:39]} Bxd2 41. Bc6 {[%clk 1:12:39]} b4 42. b3 {[%clk
1:12:39]} f5 43. h4 {[%clk 1:12:39]} Kf6 44. Be8 {[%clk 1:12:39]} g5 45. hxg5+
{[%clk 1:12:39]} hxg5 46. fxg5+ {[%clk 1:12:39]} Kxg5 47. Kf3 {[%clk 1:12:39]} f4
48. gxf4+ {[%clk 1:12:39]} Bxf4 1/2-1/2

[Event "U20 Polish Youth Championship"]
[Site "Ustron"]
[Date "2019.11.30"]
[Round "9"]
[White "Leskiewicz, Ignacy"]
[Black "Czopor, Maciej"]
[Result "1-0"]
[Board "11"]
[WhiteElo "2138"]
[WhiteCountry "POL"]
[WhiteFideId "1185870"]
[WhiteEloChange "13"]
[BlackElo "2227"]
[BlackCountry "POL"]
[BlackFideId "21805431"]
[BlackEloChange "-13"]

1. e4 {[%clk 1:30:30]} c5 {[%clk 1:30:30]} 2. Nf3 {[%clk 1:30:30]} e6 {[%clk
1:30:29]} 3. d4 {[%clk 1:30:30]} cxd4 {[%clk 1:30:29]} 4. Nxd4 {[%clk 1:30:30]}
Nc6 {[%clk 1:30:28]} 5. Nc3 {[%clk 1:30:30]} a6 {[%clk 1:30:28]} 6. g3 {[%clk
1:28:05]} Qc7 {[%clk 1:29:41]} 7. Bg2 {[%clk 1:27:44]} Nf6 {[%clk 1:29:56]} 8.
O-O {[%clk 1:27:59]} Be7 {[%clk 1:30:00]} 9. Re1 {[%clk 1:26:26]} O-O {[%clk
1:29:49]} 10. Nxc6 {[%clk 1:14:19]} dxc6 {[%clk 1:29:44]} 11. e5 {[%clk 1:13:27]}
Rd8 {[%clk 1:30:08]} 12. Qf3 {[%clk 0:58:56]} Nd5 {[%clk 1:30:28]} 13. Nxd5
{[%clk 0:52:28]} cxd5 {[%clk 1:29:36]} 14. c3 {[%clk 0:51:41]} Bd7 {[%clk
1:24:25]} 15. Be3 {[%clk 0:50:28]} b5 {[%clk 1:23:12]} 16. Bd4 {[%clk 0:42:21]}
a5 {[%clk 1:22:04]} 17. Qe3 {[%clk 0:42:21]} Rdc8 {[%clk 1:05:23]} 18. Rac1
{[%clk 0:41:18]} Ra6 {[%clk 1:01:50]} 19. f4 {[%clk 0:34:48]} Qb8 {[%clk
0:56:53]} 20. g4 {[%clk 0:26:30]} b4 {[%clk 0:51:27]} 21. Bf1 {[%clk 0:23:44]}
Rac6 {[%clk 0:49:27]} 22. Bd3 {[%clk 0:18:01]} bxc3 {[%clk 0:48:49]} 23. bxc3
{[%clk 0:18:20]} Bc5 {[%clk 0:46:32]} 24. f5 {[%clk 0:14:03]} Qa7 {[%clk
0:40:52]} 25. Rcd1 {[%clk 0:12:54]} exf5 {[%clk 0:39:38]} 26. gxf5 {[%clk
0:12:43]} f6 {[%clk 0:30:40]} 27. Kh1 {[%clk 0:12:41]} Bxd4 {[%clk 0:25:25]} 28.
cxd4 {[%clk 0:12:40]} Be8 {[%clk 0:22:26]} 29. Rg1 {[%clk 0:08:07]} fxe5 {[%clk
0:21:48]} 30. f6 {[%clk 0:05:34]} g6 {[%clk 0:19:37]} 31. Qxe5 {[%clk 0:03:23]}
Qf7 {[%clk 0:15:00]} 32. Rdf1 {[%clk 0:00:51]} Re6 {[%clk 0:12:39]} 33. Qf4 Rcc6
{[%clk 0:12:22]} 34. Qb8 Rb6 {[%clk 0:11:18]} 35. Qc8 Re3 {[%clk 0:06:56]} 36.
Bxg6 hxg6 {[%clk 0:06:29]} 37. Rxg6+ Qxg6 {[%clk 0:03:51]} 38. f7+ Qxf7 {[%clk
0:01:14]} 39. Rxf7 Re1+ 40. Kg2 Rg6+ 41. Kf2 {[%clk 0:00:05]} Re4 42. Rf3 Rc6 43.
Qf5 Rc2+ 44. Kg3 1-0

[Event "U20 Polish Youth Championship"]
[Site "Ustron"]
[Date "2019.11.30"]
[Round "9"]
[White "Starosciak, Szymon"]
[Black "Oglaza, Oskar"]
[Result "0-1"]
[Board "12"]
[WhiteElo "1714"]
[WhiteCountry "POL"]
[WhiteFideId "21895848"]
[WhiteEloChange "-2"]
[BlackElo "2360"]
[BlackTitle "FM"]
[BlackCountry "POL"]
[BlackFideId "1194402"]
[BlackEloChange "2"]

1. e4 {[%clk 1:30:30]} c5 {[%clk 1:30:30]} 2. Nf3 {[%clk 1:30:29]} a6 {[%clk
1:30:30]} 3. c4 {[%clk 1:30:29]} d6 {[%clk 1:30:29]} 4. d4 {[%clk 1:28:46]} cxd4
{[%clk 1:30:18]} 5. Nxd4 {[%clk 1:28:46]} Nf6 {[%clk 1:30:12]} 6. Nc3 {[%clk
1:28:04]} e6 {[%clk 1:30:12]} 7. Bd3 {[%clk 1:26:21]} Be7 {[%clk 1:30:21]} 8. O-O
{[%clk 1:26:40]} O-O {[%clk 1:30:41]} 9. Qe2 {[%clk 1:26:45]} b6 {[%clk 1:30:15]}
10. f4 {[%clk 1:24:00]} Bb7 {[%clk 1:30:35]} 11. Kh1 {[%clk 1:23:29]} Nbd7 {[%clk
1:28:21]} 12. Bd2 {[%clk 1:22:32]} Qc7 {[%clk 1:26:33]} 13. Rae1 {[%clk 1:22:21]}
Rac8 {[%clk 1:26:07]} 14. b4 {[%clk 1:15:44]} Rfd8 {[%clk 1:24:23]} 15. a3 {[%clk
1:14:32]} Nf8 {[%clk 1:22:29]} 16. Nb3 {[%clk 1:08:30]} Ng6 {[%clk 1:16:32]} 17.
a4 {[%clk 0:55:40]} Bf8 {[%clk 1:12:23]} 18. a5 {[%clk 0:53:41]} bxa5 {[%clk
1:12:38]} 19. Nxa5 {[%clk 0:53:50]} Ba8 {[%clk 1:12:38]} 20. Ra1 {[%clk 0:47:53]}
Rb8 {[%clk 1:07:12]} 21. Rfb1 {[%clk 0:44:11]} Qd7 {[%clk 1:05:02]} 22. b5 {[%clk
0:36:38]} axb5 {[%clk 1:04:45]} 23. cxb5 {[%clk 0:36:38]} d5 {[%clk 1:04:45]} 24.
e5 {[%clk 0:35:25]} d4 {[%clk 1:04:49]} 25. Na4 {[%clk 0:32:33]} Nd5 {[%clk
1:04:49]} 26. Qf2 {[%clk 0:30:28]} Ne3 {[%clk 1:03:57]} 27. Rg1 {[%clk 0:22:37]}
Rxb5 {[%clk 1:00:23]} 28. Bxb5 {[%clk 0:21:54]} Qxb5 {[%clk 1:00:23]} 29. Nc3
{[%clk 0:18:11]} Ng4 {[%clk 0:58:54]} 30. Qf1 {[%clk 0:15:55]} dxc3 {[%clk
0:59:14]} 0-1

[Event "U20 Polish Youth Championship"]
[Site "Ustron"]
[Date "2019.11.30"]
[Round "9"]
[White "Sowinski, Pawel"]
[Black "Karpus, Michal"]
[Result "0-1"]
[Board "13"]
[WhiteElo "1605"]
[WhiteCountry "POL"]
[WhiteFideId "21881979"]
[WhiteEloChange "-2"]
[BlackElo "2312"]
[BlackTitle "FM"]
[BlackCountry "POL"]
[BlackFideId "1174088"]
[BlackEloChange "2"]

1. e4 {[%clk 1:30:58]} e5 {[%clk 1:30:49]} 2. Nf3 {[%clk 1:31:20]} Nc6 {[%clk
1:31:09]} 3. Bc4 {[%clk 1:31:40]} Nf6 {[%clk 1:31:29]} 4. Ng5 {[%clk 1:32:01]} d5
{[%clk 1:31:47]} 5. exd5 {[%clk 1:32:24]} Na5 {[%clk 1:32:07]} 6. Bb5+ {[%clk
1:32:46]} c6 {[%clk 1:32:12]} 7. dxc6 {[%clk 1:33:09]} bxc6 {[%clk 1:32:33]} 8.
Bd3 {[%clk 1:33:34]} Ng4 {[%clk 1:31:42]} 9. Ne4 {[%clk 1:33:47]} f5 {[%clk
1:30:00]} 10. Be2 {[%clk 1:34:07]} h5 {[%clk 1:26:41]} 11. h3 {[%clk 1:34:27]}
fxe4 {[%clk 1:27:05]} 12. hxg4 {[%clk 1:34:42]} Bc5 {[%clk 1:27:01]} 13. b4
{[%clk 1:33:32]} Bxf2+ {[%clk 1:22:12]} 14. Kxf2 {[%clk 1:31:22]} Qd4+ {[%clk
1:22:00]} 15. Ke1 {[%clk 1:26:45]} O-O {[%clk 1:21:03]} 16. Rf1 {[%clk 1:26:28]}
Rxf1+ {[%clk 1:16:05]} 17. Kxf1 {[%clk 1:25:46]} Bxg4 {[%clk 1:16:16]} 18. Bxg4
{[%clk 1:18:57]} Rf8+ {[%clk 1:15:36]} 19. Bf3 {[%clk 1:18:56]} exf3 {[%clk
1:15:40]} 20. gxf3 {[%clk 1:17:49]} e4 {[%clk 1:12:32]} 21. c3 {[%clk 1:17:38]}
Qd6 {[%clk 1:12:16]} 22. Qe2 {[%clk 1:16:10]} Qg3 {[%clk 1:11:47]} 23. Qxe4
{[%clk 1:15:59]} Rxf3+ {[%clk 1:12:02]} 24. Ke2 {[%clk 1:15:55]} Qg2+ {[%clk
1:12:21]} 0-1

[Event "U20 Polish Youth Championship"]
[Site "Ustron"]
[Date "2019.11.30"]
[Round "9"]
[White "Karolczuk, Iwo"]
[Black "Wisniewski, Michal"]
[Result "1/2-1/2"]
[Board "14"]
[WhiteElo "1982"]
[WhiteCountry "POL"]
[WhiteFideId "21816972"]
[WhiteEloChange "5"]
[BlackElo "2158"]
[BlackCountry "POL"]
[BlackFideId "1159682"]
[BlackEloChange "-5"]

1. d4 {[%clk 1:30:57]} Nf6 {[%clk 1:29:03]} 2. Nf3 {[%clk 1:31:21]} d5 {[%clk
1:29:21]} 3. c4 {[%clk 1:31:44]} c6 {[%clk 1:29:47]} 4. e3 {[%clk 1:32:12]} Bf5
{[%clk 1:28:05]} 5. Bd3 {[%clk 1:32:34]} Bxd3 {[%clk 1:26:44]} 6. Qxd3 {[%clk
1:32:59]} e6 {[%clk 1:27:07]} 7. O-O {[%clk 1:32:58]} Nbd7 {[%clk 1:27:30]} 8.
Nc3 {[%clk 1:33:23]} Be7 {[%clk 1:27:43]} 9. e4 {[%clk 1:33:46]} dxe4 {[%clk
1:28:08]} 10. Nxe4 {[%clk 1:34:12]} Nxe4 {[%clk 1:28:35]} 11. Qxe4 {[%clk
1:34:37]} Nf6 {[%clk 1:28:41]} 12. Qe2 {[%clk 1:35:04]} O-O {[%clk 1:29:05]} 13.
b3 {[%clk 1:32:50]} a5 {[%clk 1:29:20]} 14. a3 {[%clk 1:29:38]} Qb6 {[%clk
1:29:21]} 15. Rb1 {[%clk 1:29:56]} Rfd8 {[%clk 1:29:45]} 16. b4 {[%clk 1:25:32]}
axb4 {[%clk 1:28:26]} 17. axb4 {[%clk 1:25:58]} Ra4 {[%clk 1:28:52]} 18. c5
{[%clk 1:17:02]} Qb5 {[%clk 1:26:14]} 19. Qb2 {[%clk 1:10:17]} Nd5 {[%clk
1:24:05]} 20. Bd2 {[%clk 1:10:28]} Bf6 {[%clk 1:24:26]} 21. Ra1 {[%clk 1:08:31]}
Rda8 {[%clk 1:24:52]} 22. Rxa4 {[%clk 1:08:40]} Rxa4 {[%clk 1:25:13]} 23. Ra1
{[%clk 1:07:44]} h6 {[%clk 1:25:33]} 24. Rxa4 {[%clk 1:07:42]} Qxa4 {[%clk
1:25:59]} 25. Qb1 {[%clk 1:01:59]} Nc7 {[%clk 1:26:00]} 26. g3 {[%clk 1:00:52]}
Nb5 {[%clk 1:26:05]} 27. Be3 {[%clk 0:59:18]} Qa3 {[%clk 1:25:12]} 28. Qe1 {[%clk
0:57:19]} Qb2 {[%clk 1:25:27]} 29. Qd1 {[%clk 0:53:04]} Nc3 {[%clk 1:21:37]} 30.
Qd3 {[%clk 0:52:59]} Nb5 {[%clk 1:19:30]} 31. g4 {[%clk 0:50:35]} Qxb4 {[%clk
1:19:38]} 32. h4 {[%clk 0:50:44]} g6 {[%clk 1:13:28]} 33. Qe4 {[%clk 0:49:44]}
Nc3 {[%clk 1:13:55]} 34. Qd3 {[%clk 0:49:25]} Qb2 {[%clk 1:02:26]} 35. Bd2 {[%clk
0:43:27]} Nb5 {[%clk 1:02:50]} 36. Be3 {[%clk 0:43:29]} Bg7 {[%clk 1:03:11]} 37.
Kg2 {[%clk 0:43:39]} Nc3 {[%clk 0:59:21]} 38. Qd2 {[%clk 0:38:13]} Qxd2 {[%clk
0:59:38]} 39. Nxd2 {[%clk 0:38:36]} Nb5 {[%clk 0:54:18]} 40. Nb3 {[%clk 1:08:56]}
h5 {[%clk 1:24:31]} 41. g5 {[%clk 1:09:00]} Kf8 {[%clk 1:22:41]} 42. Kf3 {[%clk
1:09:18]} Ke7 {[%clk 1:23:04]} 43. Ke4 {[%clk 1:09:26]} Kd7 {[%clk 1:23:30]} 44.
Na5 {[%clk 1:09:38]} f5+ {[%clk 1:23:01]} 45. Kd3 {[%clk 1:05:52]} e5 {[%clk
1:23:25]} 46. dxe5 {[%clk 1:05:37]} Bxe5 {[%clk 1:23:54]} 47. Nxb7 {[%clk
1:02:59]} Bc7 {[%clk 1:23:55]} 48. Bd2 {[%clk 1:03:06]} Ke6 {[%clk 1:20:36]} 49.
Kc4 {[%clk 1:01:22]} Ke5 {[%clk 1:20:51]} 50. f3 {[%clk 1:01:41]} Ke6 {[%clk
1:21:17]} 51. f4 {[%clk 0:58:20]} Kd7 {[%clk 1:21:40]} 52. Na5 {[%clk 0:56:46]}
Bxa5 {[%clk 1:22:06]} 53. Bxa5 {[%clk 0:57:11]} Ke6 {[%clk 1:22:23]} 54. Bb4
{[%clk 0:56:39]} Nc7 {[%clk 1:22:47]} 55. Bd2 {[%clk 0:56:51]} Kf7 {[%clk
1:22:59]} 56. Be3 {[%clk 0:56:13]} Ne6 {[%clk 1:23:28]} 57. Kb4 {[%clk 0:55:16]}
Ke7 {[%clk 1:23:15]} 58. Kc4 {[%clk 0:55:26]} Kd7 {[%clk 1:23:41]} 59. Kb4 {[%clk
0:55:03]} Kc7 {[%clk 1:24:08]} 60. Kc4 {[%clk 0:55:12]} Kb7 {[%clk 1:24:34]} 61.
Bc1 {[%clk 0:54:17]} Ka6 {[%clk 1:24:00]} 62. Bd2 {[%clk 0:54:34]} Ka7 {[%clk
1:23:21]} 63. Be3 {[%clk 0:54:37]} Kb7 {[%clk 1:23:46]} 64. Bc1 {[%clk 0:54:50]}
Kc7 {[%clk 1:24:12]} 65. Be3 {[%clk 0:55:05]} Kd7 {[%clk 1:24:39]} 66. Bd2 {[%clk
0:54:42]} Nc7 {[%clk 1:25:05]} 67. Be3 {[%clk 0:54:59]} Ke6 {[%clk 1:25:32]} 68.
Bc1 {[%clk 0:54:56]} Nb5 {[%clk 1:25:58]} 69. Bb2 {[%clk 0:54:45]} Kd7 {[%clk
1:25:24]} 70. Kb4 {[%clk 0:54:36]} Nc7 {[%clk 1:25:36]} 71. Bc1 {[%clk 0:54:17]}
Ke7 {[%clk 1:25:58]} 72. Kc4 {[%clk 0:54:10]} Ke6 {[%clk 1:25:59]} 73. Bd2 {[%clk
0:53:45]} Nb5 {[%clk 1:26:23]} 74. Bc1 {[%clk 0:54:05]} 1/2-1/2

[Event "U20 Polish Youth Championship"]
[Site "Ustron"]
[Date "2019.11.30"]
[Round "9"]
[White "Kalkowski, Igor"]
[Black "Fiedorek, Michal"]
[Result "1/2-1/2"]
[Board "15"]
[WhiteElo "1965"]
[WhiteCountry "POL"]
[WhiteFideId "21833966"]
[WhiteEloChange "8"]
[BlackElo "2333"]
[BlackTitle "FM"]
[BlackCountry "POL"]
[BlackFideId "1199528"]
[BlackEloChange "-8"]

1. e4 {[%clk 1:30:57]} c5 {[%clk 1:30:56]} 2. d4 {[%clk 1:31:20]} cxd4 {[%clk
1:31:20]} 3. c3 {[%clk 1:31:43]} Nf6 {[%clk 1:31:40]} 4. e5 {[%clk 1:31:56]} Nd5
{[%clk 1:32:02]} 5. Qxd4 {[%clk 1:32:18]} e6 {[%clk 1:32:00]} 6. Nf3 {[%clk
1:32:39]} Nc6 {[%clk 1:31:47]} 7. Qe4 {[%clk 1:33:01]} f5 {[%clk 1:30:56]} 8. Qe2
{[%clk 1:33:17]} Be7 {[%clk 1:26:21]} 9. g3 {[%clk 1:32:39]} O-O {[%clk 1:13:02]}
10. Bg2 {[%clk 1:32:00]} d6 {[%clk 1:11:12]} 11. exd6 {[%clk 1:28:55]} Qxd6
{[%clk 1:09:44]} 12. O-O {[%clk 1:22:18]} Bf6 {[%clk 1:04:53]} 13. c4 {[%clk
1:18:49]} Nde7 {[%clk 1:02:09]} 14. Rd1 {[%clk 1:16:00]} Qc7 {[%clk 1:01:23]} 15.
Na3 {[%clk 1:15:02]} Ng6 {[%clk 0:50:39]} 16. Be3 {[%clk 1:09:37]} Be7 {[%clk
0:37:30]} 17. Nb5 {[%clk 1:05:39]} Qb8 {[%clk 0:37:50]} 18. Nbd4 {[%clk 0:58:56]}
e5 {[%clk 0:31:53]} 19. Nxc6 {[%clk 0:57:59]} bxc6 {[%clk 0:32:19]} 20. Bg5
{[%clk 0:50:46]} Bc5 {[%clk 0:25:50]} 21. b4 {[%clk 0:48:32]} Bd6 {[%clk
0:14:53]} 22. c5 {[%clk 0:38:59]} Bc7 {[%clk 0:15:20]} 23. Qc4+ {[%clk 0:38:35]}
Kh8 {[%clk 0:15:09]} 24. Nh4 {[%clk 0:30:05]} Nxh4 {[%clk 0:11:50]} 25. Bxh4
{[%clk 0:29:46]} e4 {[%clk 0:11:10]} 26. Be7 {[%clk 0:26:34]} Rg8 {[%clk
0:10:40]} 27. a4 {[%clk 0:21:29]} a6 {[%clk 0:10:03]} 28. f4 {[%clk 0:14:25]} Qb7
{[%clk 0:07:53]} 29. Bd6 {[%clk 0:05:27]} Bd8 {[%clk 0:07:59]} 30. Be5 {[%clk
0:05:37]} Qe7 {[%clk 0:07:37]} 31. Qd4 {[%clk 0:05:26]} Be6 {[%clk 0:06:49]} 32.
Bf1 {[%clk 0:05:42]} Qb7 {[%clk 0:04:26]} 33. Bc4 {[%clk 0:03:30]} 1/2-1/2

[Event "U20 Polish Youth Championship"]
[Site "Ustron"]
[Date "2019.11.30"]
[Round "9"]
[White "Czernek, Tymon"]
[Black "Turski, Bartlomiej"]
[Result "1-0"]
[Board "16"]
[WhiteElo "2097"]
[WhiteCountry "POL"]
[WhiteFideId "1199510"]
[WhiteEloChange "7"]
[BlackElo "1993"]
[BlackCountry "POL"]
[BlackFideId "21810567"]
[BlackEloChange "-7"]

1. e4 {[%clk 1:30:59]} c5 {[%clk 1:30:51]} 2. Nf3 {[%clk 1:31:24]} d6 {[%clk
1:31:13]} 3. d4 {[%clk 1:31:51]} cxd4 {[%clk 1:31:31]} 4. Nxd4 {[%clk 1:32:18]}
Nf6 {[%clk 1:31:49]} 5. Nc3 {[%clk 1:32:45]} Nc6 {[%clk 1:32:13]} 6. Bg5 {[%clk
1:33:08]} e6 {[%clk 1:32:24]} 7. Qd3 {[%clk 1:33:28]} a6 {[%clk 1:29:20]} 8.
O-O-O {[%clk 1:33:49]} Bd7 {[%clk 1:26:10]} 9. Be2 {[%clk 1:34:10]} b5 {[%clk
1:08:22]} 10. Rhe1 {[%clk 1:33:31]} Be7 {[%clk 0:26:15]} 11. Nxc6 {[%clk
1:33:54]} Bxc6 {[%clk 0:26:34]} 12. Bxf6 {[%clk 1:34:20]} gxf6 {[%clk 0:25:23]}
13. Bf3 {[%clk 1:22:51]} Bb7 {[%clk 0:06:59]} 14. Kb1 {[%clk 1:21:47]} Qc7 {[%clk
0:06:54]} 15. Bh5 {[%clk 1:20:40]} Rf8 {[%clk 0:06:33]} 16. Qh3 {[%clk 1:18:48]}
Qc5 {[%clk 0:04:12]} 17. e5 {[%clk 1:14:12]} f5 {[%clk 0:03:17]} 18. exd6 {[%clk
1:13:55]} Bxd6 {[%clk 0:03:11]} 19. Rxe6+ {[%clk 1:13:51]} Be7 {[%clk 0:03:27]}
20. Rde1 {[%clk 1:13:23]} Be4 {[%clk 0:03:00]} 21. Nxe4 {[%clk 1:13:23]} 1-0

[Event "U20 Polish Youth Championship"]
[Site "Ustron"]
[Date "2019.11.30"]
[Round "9"]
[White "Jarzebowski, Kacper"]
[Black "Kania, Dominik"]
[Result "0-1"]
[Board "17"]
[WhiteElo "2079"]
[WhiteCountry "POL"]
[WhiteFideId "1184954"]
[WhiteEloChange "-13"]
[BlackElo "1988"]
[BlackCountry "POL"]
[BlackFideId "21845204"]
[BlackEloChange "13"]

1. d4 {[%clk 1:30:30]} Nf6 {[%clk 1:25:16]} 2. c4 {[%clk 1:30:30]} c5 {[%clk
1:25:16]} 3. Nf3 {[%clk 1:30:39]} cxd4 {[%clk 1:25:05]} 4. Nxd4 {[%clk 1:30:39]}
Nc6 {[%clk 1:24:24]} 5. Nc3 {[%clk 1:30:39]} g6 {[%clk 1:24:24]} 6. e4 {[%clk
1:30:48]} d6 {[%clk 1:24:43]} 7. Be2 {[%clk 1:31:08]} Nxd4 {[%clk 1:25:08]} 8.
Qxd4 {[%clk 1:31:33]} Bg7 {[%clk 1:25:08]} 9. O-O {[%clk 1:30:57]} O-O {[%clk
1:25:33]} 10. Qd3 {[%clk 1:30:20]} Be6 {[%clk 1:25:43]} 11. Be3 {[%clk 1:29:44]}
Qa5 {[%clk 1:24:15]} 12. Rac1 {[%clk 1:27:35]} Rfc8 {[%clk 1:24:04]} 13. b3
{[%clk 1:27:45]} Nd7 {[%clk 1:22:06]} 14. Bd2 {[%clk 1:26:32]} a6 {[%clk
1:17:43]} 15. f4 {[%clk 1:24:49]} f5 {[%clk 1:12:18]} 16. Nd5 {[%clk 1:24:42]}
Qd8 {[%clk 1:12:17]} 17. exf5 {[%clk 1:24:36]} Bxf5 {[%clk 1:12:21]} 18. Qe3
{[%clk 1:24:51]} e6 {[%clk 1:08:08]} 19. Nc3 {[%clk 1:24:39]} Nf6 {[%clk
1:07:41]} 20. h3 {[%clk 1:24:23]} d5 {[%clk 1:07:30]} 21. Qf3 {[%clk 1:09:51]}
Ne4 {[%clk 1:05:51]} 22. Be1 {[%clk 1:09:50]} Nxc3 {[%clk 1:02:13]} 23. Bxc3
{[%clk 1:10:10]} d4 {[%clk 1:02:12]} 24. Bd2 {[%clk 1:10:14]} d3 {[%clk 1:02:11]}
25. Bd1 {[%clk 1:10:23]} Qd4+ {[%clk 1:01:03]} 26. Qf2 {[%clk 0:59:22]} Qxf2+
{[%clk 0:58:27]} 27. Kxf2 {[%clk 0:59:26]} Bd4+ {[%clk 0:58:27]} 28. Kf3 {[%clk
0:59:25]} e5 {[%clk 0:57:55]} 29. fxe5 {[%clk 0:59:40]} Rf8 {[%clk 0:57:03]} 30.
Re1 {[%clk 0:56:53]} Rae8 {[%clk 0:53:49]} 31. g4 {[%clk 0:56:21]} Bd7+ {[%clk
0:52:46]} 32. Ke4 {[%clk 0:55:28]} Bf2 {[%clk 0:51:33]} 33. Rf1 {[%clk 0:55:06]}
Bc6+ {[%clk 0:51:16]} 34. Kxd3 {[%clk 0:54:55]} Bg2 {[%clk 0:51:16]} 35. Be2
{[%clk 0:54:18]} Rxe5 {[%clk 0:49:37]} 36. Rxf2 {[%clk 0:49:53]} Rxf2 {[%clk
0:49:37]} 37. Be3 {[%clk 0:49:53]} Rf8 {[%clk 0:48:55]} 38. Bd4 {[%clk 0:49:00]}
Ree8 {[%clk 0:46:34]} 39. Rg1 {[%clk 0:44:51]} Bf3 {[%clk 0:45:26]} 40. Bf1
{[%clk 0:43:58]} Re1 {[%clk 0:45:20]} 41. Kc3 {[%clk 0:37:54]} Be4 {[%clk
0:44:42]} 42. Bg2 {[%clk 0:38:03]} Rxg1 {[%clk 0:44:30]} 43. Bxe4 {[%clk
0:38:22]} Rg3+ {[%clk 0:44:55]} 44. Kb4 {[%clk 0:38:22]} Rd8 {[%clk 0:42:59]} 45.
Bd5+ {[%clk 0:38:05]} Rxd5 {[%clk 0:42:21]} 46. cxd5 {[%clk 0:38:25]} Rxh3 {[%clk
0:42:41]} 47. Kc5 {[%clk 0:38:34]} Kf7 {[%clk 0:42:24]} 48. Kd6 {[%clk 0:38:22]}
h5 {[%clk 0:42:23]} 49. gxh5 {[%clk 0:38:42]} gxh5 {[%clk 0:42:42]} 50. Bb6
{[%clk 0:39:01]} Rd3 {[%clk 0:42:46]} 51. Bd8 {[%clk 0:39:00]} Ke8 {[%clk
0:41:16]} 52. Bh4 {[%clk 0:38:53]} Rd4 {[%clk 0:40:23]} 53. Bf6 {[%clk 0:39:03]}
Rf4 {[%clk 0:39:40]} 54. Be5 {[%clk 0:39:22]} Re4 {[%clk 0:38:31]} 55. Bf6 {[%clk
0:39:31]} Kf7 {[%clk 0:37:17]} 56. Bg5 {[%clk 0:38:38]} h4 {[%clk 0:37:00]} 57.
Kc7 {[%clk 0:38:15]} h3 {[%clk 0:37:00]} 58. d6 {[%clk 0:38:30]} h2 {[%clk
0:37:20]} 0-1

[Event "U20 Polish Youth Championship"]
[Site "Ustron"]
[Date "2019.11.30"]
[Round "9"]
[White "Panek, Bartosz"]
[Black "Raclawicki, Kacper"]
[Result "0-1"]
[Board "18"]
[WhiteElo "2029"]
[WhiteCountry "POL"]
[WhiteFideId "1198220"]
[WhiteEloChange "-15"]
[BlackElo "1854"]
[BlackCountry "POL"]
[BlackFideId "1174681"]
[BlackEloChange "15"]

1. e4 {[%clk 1:30:56]} g6 {[%clk 1:29:55]} 2. d4 {[%clk 1:30:33]} Bg7 {[%clk
1:30:16]} 3. g3 {[%clk 1:30:06]} d5 {[%clk 1:28:18]} 4. e5 {[%clk 1:30:13]} c5
{[%clk 1:27:46]} 5. c3 {[%clk 1:29:52]} Nc6 {[%clk 1:27:30]} 6. Bg2 {[%clk
1:27:55]} cxd4 {[%clk 1:26:30]} 7. cxd4 {[%clk 1:28:18]} Nh6 {[%clk 1:25:21]} 8.
Ne2 {[%clk 1:26:04]} O-O {[%clk 1:23:57]} 9. O-O {[%clk 1:26:17]} Nf5 {[%clk
1:20:09]} 10. Na3 {[%clk 1:23:55]} b6 {[%clk 1:11:20]} 11. Nc2 {[%clk 1:22:31]}
Ba6 {[%clk 1:09:15]} 12. Re1 {[%clk 1:20:12]} Rc8 {[%clk 1:06:25]} 13. b3 {[%clk
1:20:24]} e6 {[%clk 0:56:52]} 14. Ba3 {[%clk 1:19:51]} Re8 {[%clk 0:56:42]} 15.
Rc1 {[%clk 1:19:00]} f6 {[%clk 0:54:38]} 16. f4 {[%clk 1:19:06]} fxe5 {[%clk
0:50:08]} 17. fxe5 {[%clk 1:19:24]} Bh6 {[%clk 0:48:26]} 18. Nf4 {[%clk 0:49:58]}
Bxf4 {[%clk 0:41:59]} 19. gxf4 {[%clk 0:50:22]} Qh4 {[%clk 0:41:46]} 20. Qd2
{[%clk 0:48:32]} g5 {[%clk 0:36:35]} 21. fxg5 {[%clk 0:48:27]} Ncxd4 {[%clk
0:35:36]} 22. Nxd4 {[%clk 0:47:55]} Nxd4 {[%clk 0:31:10]} 23. Kh1 {[%clk
0:03:39]} Nc2 {[%clk 0:22:26]} 24. Rg1 {[%clk 0:03:49]} Nxa3 {[%clk 0:21:16]} 25.
Rxc8 {[%clk 0:03:59]} Rxc8 {[%clk 0:17:07]} 26. Bxd5 {[%clk 0:01:46]} Kg7 {[%clk
0:13:25]} 27. Bg2 {[%clk 0:00:55]} Qh5 {[%clk 0:07:08]} 28. g6 {[%clk 0:01:04]}
hxg6 {[%clk 0:02:42]} 29. Be4 {[%clk 0:00:46]} Qxe5 {[%clk 0:01:17]} 30. Qg2
{[%clk 0:00:39]} g5 {[%clk 0:01:52]} 31. Qf3 {[%clk 0:00:33]} Rc3 {[%clk
0:00:43]} 32. Qg2 {[%clk 0:00:37]} Bd3 {[%clk 0:00:38]} 33. Bb7 {[%clk 0:00:34]}
Rc2 {[%clk 0:00:44]} 34. Qxg5+ {[%clk 0:00:33]} Qxg5 {[%clk 0:01:08]} 35. Rxg5+
{[%clk 0:00:58]} Kf6 {[%clk 0:01:23]} 36. Rg3 {[%clk 0:01:23]} Bf5 {[%clk
0:01:06]} 37. h4 {[%clk 0:01:35]} Rc7 {[%clk 0:01:00]} 38. Bf3 {[%clk 0:01:34]}
Nb5 {[%clk 0:00:54]} 39. h5 {[%clk 0:01:35]} Nd4 {[%clk 0:01:12]} 40. Bg2 {[%clk
0:31:38]} Rh7 {[%clk 0:01:26]} 0-1